000 00805nam a2200241 i 4500
001 28893
003 ES-MaACL
005 20230909063100.0
007 t|
008 030120m18851887sp ||||1| spa d
080 _a94(460.23)
100 1 _aBalaguer, Víctor,
_d1824-1901
_924806
245 1 0 _aHistoria de Cataluña /
_cVíctor Balaguer.
260 _aMadrid :
_b[s.n.],
_c1885-1887 (
_fManuel Tello)
300 _a11 v. ;
_c22 cm.
490 1 _aObras de Víctor Balaguer ;
_v9-19
530 _aDisponible en formato digital.
651 4 _aCataluña-
_xHistoria.
_98013
830 1 _aObras de Víctor Balaguer ;
_v9-19
_9181206
852 _aES-MaACL
_jB-164-74
856 _uhttp://bdh-rd.bne.es/viewer.vm?id=0000004920&page=1
_zBiblioteca Digital Hispánica
999 _c28893
_d28893